<?xml version="1.0" encoding="UTF-8"?><?xml-stylesheet type="text/xsl" href="static/style.xsl"?><OAI-PMH xmlns="http://www.openarchives.org/OAI/2.0/" xmlns:xsi="http://www.w3.org/2001/XMLSchema-instance" xsi:schemaLocation="http://www.openarchives.org/OAI/2.0/ http://www.openarchives.org/OAI/2.0/OAI-PMH.xsd"><responseDate>2026-06-29T22:56:21Z</responseDate><request verb="GetRecord" identifier="oai:riubu.ubu.es:10259/8675" metadataPrefix="marc">https://riubu.ubu.es/oai/request</request><GetRecord><record><header><identifier>oai:riubu.ubu.es:10259/8675</identifier><datestamp>2024-04-29T22:42:09Z</datestamp><setSpec>com_10259_3969</setSpec><setSpec>com_10259_5086</setSpec><setSpec>com_10259_2604</setSpec><setSpec>col_10259_3970</setSpec></header><metadata><record xmlns="http://www.loc.gov/MARC21/slim" xmlns:doc="http://www.lyncode.com/xoai" xmlns:xsi="http://www.w3.org/2001/XMLSchema-instance" xmlns:dcterms="http://purl.org/dc/terms/" xsi:schemaLocation="http://www.loc.gov/MARC21/slim http://www.loc.gov/standards/marcxml/schema/MARC21slim.xsd">
<leader>00925njm 22002777a 4500</leader>
<datafield tag="042" ind1=" " ind2=" ">
<subfield code="a">dc</subfield>
</datafield>
<datafield tag="720" ind1=" " ind2=" ">
<subfield code="a">Cambronero Barrientos, Francisco</subfield>
<subfield code="e">author</subfield>
</datafield>
<datafield tag="720" ind1=" " ind2=" ">
<subfield code="a">Aragón Torre, Ángel</subfield>
<subfield code="e">author</subfield>
</datafield>
<datafield tag="720" ind1=" " ind2=" ">
<subfield code="a">Martínez Martínez, José Antonio</subfield>
<subfield code="e">author</subfield>
</datafield>
<datafield tag="720" ind1=" " ind2=" ">
<subfield code="a">Aragón Torre, Guillermo</subfield>
<subfield code="e">author</subfield>
</datafield>
<datafield tag="260" ind1=" " ind2=" ">
<subfield code="c">2022-06</subfield>
</datafield>
<datafield tag="520" ind1=" " ind2=" ">
<subfield code="a">Beam-type elements based on the theories of Euler–Bernoulli, Timoshenko, and Vlasov are widely used in civil engineering. However, shell and solid finite elements are often used when the effects on normal stresses of either shear deformation or distortion are considered important. Numerically validated in an earlier study with finite element models for shell-type structures, the same one-dimensional finite element model is further developed in this study with a low number of degrees of freedom per node that includes all the structural mechanisms without using 3D finite element models. Laboratory testing of an instrumented steel box girder is conducted, to improve validation of the goodness of fit of the finite element model with real structural behavior.</subfield>
</datafield>
<datafield tag="024" ind2=" " ind1="8">
<subfield code="a">0141-0296</subfield>
</datafield>
<datafield tag="024" ind2=" " ind1="8">
<subfield code="a">http://hdl.handle.net/10259/8675</subfield>
</datafield>
<datafield tag="024" ind2=" " ind1="8">
<subfield code="a">10.1016/j.engstruct.2022.114249</subfield>
</datafield>
<datafield ind1=" " ind2=" " tag="653">
<subfield code="a">Thin-walled beams</subfield>
</datafield>
<datafield ind1=" " ind2=" " tag="653">
<subfield code="a">Warping</subfield>
</datafield>
<datafield ind1=" " ind2=" " tag="653">
<subfield code="a">Torsion</subfield>
</datafield>
<datafield ind1=" " ind2=" " tag="653">
<subfield code="a">Distortion</subfield>
</datafield>
<datafield ind1=" " ind2=" " tag="653">
<subfield code="a">Shear lag</subfield>
</datafield>
<datafield ind1=" " ind2=" " tag="653">
<subfield code="a">Finite-element method</subfield>
</datafield>
<datafield ind1=" " ind2=" " tag="653">
<subfield code="a">Box girder</subfield>
</datafield>
<datafield ind1=" " ind2=" " tag="653">
<subfield code="a">Bridge deck</subfield>
</datafield>
<datafield ind1=" " ind2=" " tag="653">
<subfield code="a">Experimental verification</subfield>
</datafield>
<datafield tag="245" ind1="0" ind2="0">
<subfield code="a">Experimental verification of a beam element for thin-walled beams with torsion, distortion, and shear lag</subfield>
</datafield>
</record></metadata></record></GetRecord></OAI-PMH>